Herman Melville / (Record no. 200468155)

MARC details
000 -LEADER
fixed length control field 01005cam a22003371i 4500
001 - CONTROL NUMBER
control field 200468155
003 - CONTROL NUMBER IDENTIFIER
control field TR-AnTOB
005 - DATE AND TIME OF LATEST TRANSACTION
control field 20260416144820.0
007 - PHYSICAL DESCRIPTION FIXED FIELD--GENERAL INFORMATION
fixed length control field ta
008 - FIXED-LENGTH DATA ELEMENTS--GENERAL INFORMATION
fixed length control field 260416s1961 mnu b 000 0 eng d
010 ## - LIBRARY OF CONGRESS CONTROL NUMBER
LC control number 61063842
035 ## - SYSTEM CONTROL NUMBER
System control number 4530949
040 ## - CATALOGING SOURCE
Original cataloging agency DLC
Language of cataloging eng
Description conventions rda
Transcribing agency DLC
Modifying agency DLC
-- TR-AnTOB
041 0# - LANGUAGE CODE
Language code of text/sound track or separate title İngilizce
050 00 - LIBRARY OF CONGRESS CALL NUMBER
Classification number PS2387
Item number .H6 1961
090 ## - LOCALLY ASSIGNED LC-TYPE CALL NUMBER (OCLC); LOCAL CALL NUMBER (RLIN)
Classification number (OCLC) (R) ; Classification number, CALL (RLIN) (NR) PS2387
Local cutter number (OCLC) ; Book number/undivided call number, CALL (RLIN) .H6 1961 TıpFaK
100 1# - MAIN ENTRY--PERSONAL NAME
Personal name Howard, Leon.
Relator term author
9 (RLIN) 153432
245 00 - TITLE STATEMENT
Title Herman Melville /
Statement of responsibility, etc. Leon Howard.
264 #1 - PRODUCTION, PUBLICATION, DISTRIBUTION, MANUFACTURE, AND COPYRIGHT NOTICE
Place of production, publication, distribution, manufacture Minneapolis :
Name of producer, publisher, distributor, manufacturer University of Minnesota Press,
Date of production, publication, distribution, manufacture, or copyright notice [1961]
Date of production, publication, distribution, manufacture, or copyright notice ©1961
300 ## - PHYSICAL DESCRIPTION
Extent 48 pages ;
Dimensions 21 cm
336 ## - CONTENT TYPE
Content type term text
Content type code txt
Source rdacontent
337 ## - MEDIA TYPE
Media type term unmediated
Media type code n
Source rdamedia
338 ## - CARRIER TYPE
Carrier type term volume
Carrier type code nc
Source rdacarrier
490 0# - SERIES STATEMENT
Series statement University of Minnesota pamphlets on American writers ;
Volume/sequential designation no. 13
504 ## - BIBLIOGRAPHY, ETC. NOTE
Bibliography, etc. note
600 10 - SUBJECT ADDED ENTRY--PERSONAL NAME
Personal name Melville, Herman,
Dates associated with a name 1819-1891
General subdivision Criticism and interpretation.
942 ## - ADDED ENTRY ELEMENTS (KOHA)
Source of classification or shelving scheme Library of Congress Classification
Koha item type Book
Holdings
Withdrawn status Lost status Source of classification or shelving scheme Damaged status Not for loan Collection code Home library Current library Shelving location Date acquired Source of acquisition Inventory number Total Checkouts Full call number Barcode Date last seen Date shelved Koha item type Public note
    Library of Congress Classification Kullanılmış / Used Ödünç Verilemez-Kurumiçi kullanım / Not for loan-For inhouse use Genel Koleksiyon Tıp Fakültesi Medikal Kütüphane Tıp Fakültesi Medikal Kütüphane Genel Koleksiyon / Main Collection 16/04/2026 Bağış / Donation İDE   PS2387 .H6 1961 TıpFaK TF03147 16/04/2026 16/04/2026 Book Donated by Prof. Dr. Şükrü Cin.
Devinim Yazılım Eğitim Danışmanlık tarafından Koha'nın orjinal sürümü uyarlanarak geliştirilip kurulmuştur.